|
|
|
|
| LEADER |
00000nam a2200000 4500 |
| 003 |
vda |
| 005 |
20251007110838.0 |
| 008 |
240227b |||||||| |||| 00| 0 eng d |
| 040 |
|
|
|c ct
|
| 100 |
|
|
|a Yourcenar, Marguerite
|
| 245 |
|
|
|a Alexis o il trattato della lotta vana /
|c Marguerite Yourcenar.
|
| 942 |
|
|
|2 ddc
|c BK
|
| 952 |
|
|
|0 0
|1 0
|2 ddc
|4 0
|6 843_914000000000000_YOU_ALE
|7 1
|9 3930
|a AO
|b AO
|d 2025-04-20
|l 0
|o 843.914 YOU ALE
|p 11140
|r 2025-04-20 11:50:35
|w 2025-04-20
|x Di proprietà di Giulio Gasperini
|y BK
|
| 952 |
|
|
|0 0
|1 0
|2 ddc
|4 0
|6 843_914000000000000_YOU_ALE
|7 0
|9 9938
|a VT
|b VT
|d 2025-11-18
|e Dono di Ennio Piccirilli
|i B517
|l 0
|o 843.914 YOU ALE
|p B517
|r 2025-11-18 18:10:23
|w 2025-11-18
|y BK
|z Dono di Ennio Piccirilli
|
| 999 |
|
|
|c 694
|d 694
|